[Event "DEM U8w 2025"]
[Site "Willingen GER"]
[Date "2025.06.14"]
[Round "7"]
[White "Murrau, Adela"]
[Black "Caber, Marianna Maya"]
[Result "1-0"]
[Termination "normal"]
[Board "2"]
[WhiteElo "991"]
[BlackElo "973"]
[WhiteClock "00:54:02"]
[BlackClock "00:42:39"]
[PlyCount "123"]
[BlackFideId "533024170"]
[EventCountry "GER"]
[EventRounds "7"]
[EventType "swiss"]
[EventDate "2025.06.10"]

1. e4 {[%clk 01:00:27]} {[%emt 00:00:02]} c6 {[%clk 01:00:21]} {[%emt
00:00:10]} 2. d4 {[%clk 01:00:25]} {[%emt 00:00:17]} d5 {[%clk 01:00:23]}
{[%emt 00:00:13]} 3. exd5 {[%clk 01:00:21]} {[%emt 00:00:19]} cxd5 {[%clk
01:00:28]} {[%emt 00:00:10]} 4. Nf3 {[%clk 01:00:27]} {[%emt 00:00:08]} Bf5
{[%clk 01:00:15]} {[%emt 00:00:29]} 5. Bb5+ {[%clk 01:00:29]} {[%emt 00:00:13]}
Nc6 {[%clk 01:00:09]} {[%emt 00:00:21]} 6. Nc3 {[%clk 01:00:26]} {[%emt
00:00:18]} e6 {[%clk 01:00:05]} {[%emt 00:00:20]} 7. Ne5 {[%clk 01:00:16]}
{[%emt 00:00:24]} Qc7 {[%clk 00:59:56]} {[%emt 00:00:23]} 8. Bf4 {[%clk
00:59:47]} {[%emt 00:00:45]} Bb4 {[%clk 00:58:35]} {[%emt 00:01:37]} 9. O-O
{[%clk 00:58:39]} {[%emt 00:01:23]} Nge7 {[%emt 00:01:58]} 10. Bxc6+ {[%clk
00:57:12]} {[%emt 00:01:06]} Nxc6 {[%clk 00:56:25]} {[%emt 00:01:17]} 11. Nb5
{[%clk 00:57:09]} {[%emt 00:00:18]} Qb8 {[%clk 00:53:01]} {[%emt 00:03:39]} 12.
Nd3 {[%clk 00:57:06]} {[%emt 00:00:19]} Qd8 {[%clk 00:52:32]} {[%emt 00:00:43]}
13. Nc7+ {[%clk 00:56:51]} {[%emt 00:00:30]} Kf8 {[%clk 00:51:34]} {[%emt
00:01:13]} 14. Nxa8 {[%clk 00:56:51]} {[%emt 00:00:15]} Qxa8 {[%clk 00:51:35]}
{[%emt 00:00:14]} 15. Nxb4 {[%clk 00:56:01]} {[%emt 00:01:04]} Nxb4 {[%clk
00:51:30]} {[%emt 00:00:21]} 16. Bd6+ {[%emt 00:01:21]} Kg8 {[%clk 00:50:09]}
{[%emt 00:00:27]} 17. Bxb4 {[%emt 00:00:20]} h5 {[%clk 00:49:51]} {[%emt
00:00:30]} 18. Qd2 {[%clk 00:55:29]} {[%emt 00:00:49]} h4 {[%clk 00:49:42]}
{[%emt 00:00:23]} 19. Bd6 {[%clk 00:54:07]} {[%emt 00:01:38]} h3 {[%clk
00:49:24]} {[%emt 00:00:32]} 20. gxh3 {[%clk 00:53:43]} {[%emt 00:00:39]} Rxh3
{[%clk 00:49:13]} {[%emt 00:00:26]} 21. Bg3 {[%clk 00:53:49]} {[%emt 00:00:09]}
Be4 {[%clk 00:48:29]} {[%emt 00:00:59]} 22. f3 {[%clk 00:53:40]} {[%emt
00:00:24]} Bf5 {[%clk 00:47:46]} {[%emt 00:00:57]} 23. Qg5 {[%clk 00:53:12]}
{[%emt 00:00:44]} Qc8 {[%clk 00:47:06]} {[%emt 00:00:54]} 24. Be5 {[%clk
00:53:11]} {[%emt 00:00:17]} f6 {[%clk 00:47:04]} {[%emt 00:00:17]} 25. Bxf6
{[%clk 00:53:18]} {[%emt 00:00:08]} Qd7 {[%clk 00:46:25]} {[%emt 00:00:51]} 26.
c3 {[%clk 00:53:06]} {[%emt 00:00:31]} Kh8 {[%clk 00:45:43]} {[%emt 00:00:56]}
27. Rf2 {[%clk 00:53:06]} {[%emt 00:00:15]} gxf6 {[%clk 00:45:23]} {[%emt
00:00:35]} 28. Qxf6+ {[%clk 00:53:09]} {[%emt 00:00:12]} Qg7+ {[%clk 00:45:00]}
{[%emt 00:00:38]} 29. Qxg7+ {[%clk 00:53:14]} {[%emt 00:00:10]} Kxg7 {[%clk
00:45:07]} {[%emt 00:00:08]} 30. Rg2+ {[%clk 00:53:17]} {[%emt 00:00:12]} Kf7
{[%clk 00:45:03]} {[%emt 00:00:18]} 31. Rg3 {[%clk 00:53:12]} {[%emt 00:00:21]}
Rh8 {[%clk 00:44:15]} {[%emt 00:01:02]} 32. b4 {[%clk 00:53:15]} {[%emt
00:00:13]} Ke7 {[%clk 00:44:19]} {[%emt 00:00:12]} 33. a4 {[%clk 00:53:10]}
{[%emt 00:00:20]} Kd7 {[%clk 00:44:17]} {[%emt 00:00:15]} 34. Rg7+ {[%clk
00:53:17]} {[%emt 00:00:09]} Kd6 {[%clk 00:43:25]} {[%emt 00:01:07]} 35. Rxb7
{[%clk 00:53:19]} {[%emt 00:00:13]} e5 {[%clk 00:43:04]} {[%emt 00:00:35]} 36.
dxe5+ {[%clk 00:53:29]} {[%emt 00:00:07]} Kxe5 {[%clk 00:43:10]} {[%emt
00:00:09]} 37. Rxa7 {[%clk 00:53:30]} {[%emt 00:00:14]} Rd8 {[%clk 00:42:54]}
{[%emt 00:00:30]} 38. b5 {[%clk 00:53:35]} {[%emt 00:00:11]} Rg8+ {[%clk
00:42:43]} {[%emt 00:00:26]} 39. Kf2 {[%clk 00:53:37]} {[%emt 00:00:12]} Rb8
{[%clk 00:42:33]} {[%emt 00:00:25]} 40. Rc7 {[%clk 00:53:22]} {[%emt 00:00:31]}
Bc8 {[%clk 00:42:22]} {[%emt 00:00:25]} 41. a5 {[%clk 00:53:26]} {[%emt
00:00:11]} Rxb5 {[%clk 00:42:08]} {[%emt 00:00:29]} 42. a6 {[%clk 00:53:32]}
{[%emt 00:00:11]} Rb8 {[%clk 00:42:06]} {[%emt 00:00:15]} 43. a7 {[%clk
00:53:41]} {[%emt 00:00:08]} Ra8 {[%clk 00:42:14]} {[%emt 00:00:06]} 44. Rxc8
{[%clk 00:53:48]} {[%emt 00:00:09]} Rxc8 {[%clk 00:42:23]} {[%emt 00:00:07]}
45. a8=Q {[%emt 00:00:05]} Rxa8 {[%emt 00:00:07]} 46. Rxa8 {[%clk 00:53:43]}
{[%emt 00:00:07]} Kf6 {[%clk 00:42:20]} {[%emt 00:00:17]} 47. Ke3 {[%clk
00:53:47]} {[%emt 00:00:12]} Ke6 {[%clk 00:42:27]} {[%emt 00:00:07]} 48. Re8+
{[%clk 00:53:53]} {[%emt 00:00:09]} Kd6 {[%clk 00:42:20]} {[%emt 00:00:20]} 49.
h4 {[%clk 00:53:59]} {[%emt 00:00:12]} Kd7 {[%clk 00:42:30]} {[%emt 00:00:05]}
50. Rg8 {[%clk 00:54:07]} {[%emt 00:00:07]} Ke7 {[%clk 00:42:29]} {[%emt
00:00:16]} 51. h5 {[%clk 00:54:16]} {[%emt 00:00:07]} Kf7 {[%clk 00:42:32]}
{[%emt 00:00:12]} 52. Rg2 {[%clk 00:54:23]} {[%emt 00:00:07]} Ke6 {[%clk
00:42:31]} {[%emt 00:00:16]} 53. h6 {[%clk 00:54:34]} {[%emt 00:00:05]} Kd6
{[%clk 00:42:33]} {[%emt 00:00:11]} 54. h7 {[%clk 00:54:42]} {[%emt 00:00:09]}
Ke5 {[%clk 00:42:37]} {[%emt 00:00:10]} 55. h8=Q+ {[%clk 00:54:43]} {[%emt
00:00:14]} Kd6 {[%clk 00:42:41]} {[%emt 00:00:10]} 56. Kd4 {[%clk 00:54:43]}
{[%emt 00:00:15]} Kc6 {[%clk 00:42:49]} {[%emt 00:00:08]} 57. Qf6+ {[%clk
00:54:49]} {[%emt 00:00:09]} Kd7 {[%clk 00:42:41]} {[%emt 00:00:24]} 58. Qf5+
{[%clk 00:54:54]} {[%emt 00:00:10]} Ke7 {[%clk 00:42:47]} {[%emt 00:00:08]} 59.
Qxd5 {[%clk 00:54:58]} {[%emt 00:00:10]} Kf6 {[%clk 00:42:54]} {[%emt
00:00:09]} 60. Qd6+ {[%clk 00:55:07]} {[%emt 00:00:07]} Kf5 {[%clk 00:42:51]}
{[%emt 00:00:29]} 61. Qe7 {[%clk 00:53:52]} {[%emt 00:01:30]} Kf4 {[%clk
00:42:39]} {[%emt 00:00:26]} 62. Qe4 {[%clk 00:54:02]} {[%emt 00:00:06]} 1-0

[Event "DEM U8w 2025"]
[Site "Willingen GER"]
[Date "2025.06.14"]
[Round "7"]
[White "Markov, Agnia-Sari"]
[Black "Schmidt, Neele"]
[Result "0-1"]
[Termination "normal"]
[Board "3"]
[WhiteElo "920"]
[BlackElo "1125"]
[WhiteClock "00:19:58"]
[BlackClock "00:12:36"]
[PlyCount "82"]
[BlackFideId "533025487"]
[EventCountry "GER"]
[EventRounds "7"]
[EventType "swiss"]
[EventDate "2025.06.10"]

1. e4 {[%clk 01:00:29]} e5 {[%clk 01:00:25]} {[%emt 00:00:06]} 2. Nf3 {[%clk
01:00:39]} {[%emt 00:00:05]} Nc6 {[%clk 01:00:31]} {[%emt 00:00:08]} 3. Bc4
{[%clk 01:00:47]} {[%emt 00:00:07]} Bc5 {[%clk 01:00:37]} {[%emt 00:00:09]} 4.
c3 {[%clk 01:00:47]} {[%emt 00:00:15]} Nf6 {[%clk 01:00:19]} {[%emt 00:00:32]}
5. d4 {[%clk 01:00:44]} {[%emt 00:00:18]} exd4 {[%clk 00:59:29]} {[%emt
00:01:06]} 6. cxd4 {[%clk 01:00:46]} {[%emt 00:00:13]} Nxd4 {[%clk 00:59:11]}
{[%emt 00:00:33]} 7. Nxd4 {[%clk 01:00:10]} {[%emt 00:00:48]} Nxe4 {[%clk
00:58:22]} {[%emt 00:01:07]} 8. O-O {[%clk 00:59:46]} {[%emt 00:00:35]} Qf6
{[%clk 00:55:44]} {[%emt 00:02:57]} 9. Re1 {[%clk 00:59:20]} {[%emt 00:00:28]}
Qxf2+ {[%clk 00:54:50]} {[%emt 00:01:22]} 10. Kh1 {[%clk 00:58:48]} {[%emt
00:00:41]} Qh4 {[%clk 00:52:05]} {[%emt 00:03:05]} 11. Nc3 {[%clk 00:58:17]}
{[%emt 00:00:43]} O-O {[%clk 00:42:58]} {[%emt 00:09:25]} 12. Rxe4 {[%clk
00:56:28]} {[%emt 00:01:59]} Qf6 {[%clk 00:40:58]} {[%emt 00:02:21]} 13. Qe1
{[%clk 00:55:45]} {[%emt 00:00:38]} Bxd4 {[%clk 00:36:50]} {[%emt 00:04:44]}
14. Re8 {[%clk 00:55:01]} {[%emt 00:00:53]} d6 {[%clk 00:36:11]} {[%emt
00:00:59]} 15. Rxf8+ {[%clk 00:53:56]} {[%emt 00:01:19]} Kxf8 {[%clk 00:36:16]}
{[%emt 00:00:10]} 16. Nd5 {[%clk 00:53:02]} {[%emt 00:00:59]} Qd8 {[%clk
00:31:36]} {[%emt 00:05:05]} 17. Qf1 {[%clk 00:49:30]} {[%emt 00:03:29]} Qd7
{[%clk 00:27:29]} {[%emt 00:04:39]} 18. Bb5 {[%clk 00:45:05]} {[%emt 00:04:37]}
c6 {[%clk 00:27:15]} {[%emt 00:00:34]} 19. Bc4 {[%clk 00:44:00]} {[%emt
00:01:10]} cxd5 {[%clk 00:27:02]} {[%emt 00:00:37]} 20. Bxd5 {[%clk 00:43:42]}
{[%emt 00:00:30]} Bf6 {[%clk 00:24:54]} {[%emt 00:02:28]} 21. Bd2 {[%clk
00:40:11]} {[%emt 00:03:41]} Qf5 {[%clk 00:22:05]} {[%emt 00:03:08]} 22. Qc4
{[%clk 00:37:52]} {[%emt 00:02:21]} Be6 {[%clk 00:21:32]} {[%emt 00:01:02]} 23.
Bb4 {[%clk 00:36:55]} {[%emt 00:01:06]} Qxd5 {[%clk 00:20:26]} {[%emt
00:01:26]} 24. Qc7 {[%clk 00:34:49]} {[%emt 00:02:14]} Be7 {[%clk 00:19:04]}
{[%emt 00:01:44]} 25. Qc3 {[%clk 00:32:47]} {[%emt 00:01:57]} Rc8 {[%clk
00:18:45]} {[%emt 00:00:54]} 26. Qg3 {[%clk 00:31:17]} {[%emt 00:01:24]} a5
{[%clk 00:16:10]} {[%emt 00:03:10]} 27. Ba3 {[%clk 00:30:38]} {[%emt 00:00:49]}
b5 {[%clk 00:16:01]} {[%emt 00:00:30]} 28. b3 {[%clk 00:30:25]} {[%emt
00:00:24]} Qd2 {[%clk 00:15:43]} {[%emt 00:00:37]} 29. h3 {[%clk 00:29:46]}
{[%emt 00:00:51]} b4 {[%clk 00:15:39]} {[%emt 00:00:23]} 30. Re1 {[%clk
00:28:05]} {[%emt 00:01:49]} bxa3 {[%clk 00:15:27]} {[%emt 00:00:36]} 31. Rxe6
{[%clk 00:27:40]} {[%emt 00:00:38]} fxe6 {[%clk 00:14:49]} {[%emt 00:00:54]}
32. Qf3+ {[%clk 00:27:23]} {[%emt 00:00:22]} Bf6 {[%clk 00:14:41]} {[%emt
00:00:34]} 33. Kh2 {[%clk 00:25:40]} {[%emt 00:01:43]} Ke8 {[%clk 00:14:03]}
{[%emt 00:01:06]} 34. Qh5+ {[%clk 00:24:45]} {[%emt 00:01:01]} g6 {[%clk
00:14:02]} {[%emt 00:00:26]} 35. Qb5+ {[%clk 00:23:51]} {[%emt 00:01:04]} Kf8
{[%clk 00:12:53]} {[%emt 00:01:29]} 36. Qf1 {[%clk 00:23:11]} {[%emt 00:00:48]}
Kg7 {[%clk 00:12:56]} {[%emt 00:00:21]} 37. Qf3 {[%clk 00:21:03]} {[%emt
00:02:19]} Be5+ {[%clk 00:12:50]} {[%emt 00:00:25]} 38. Kg1 {[%clk 00:20:36]}
{[%emt 00:00:31]} Rc1+ {[%clk 00:12:56]} {[%emt 00:00:20]} 39. Qf1 {[%clk
00:20:27]} {[%emt 00:00:22]} Rxf1+ {[%clk 00:12:54]} {[%emt 00:00:18]} 40. Kxf1
{[%clk 00:20:27]} {[%emt 00:00:13]} Bd4 {[%clk 00:12:27]} {[%emt 00:00:44]} 41.
g3 {[%clk 00:19:58]} {[%emt 00:00:41]} Qf2# {[%clk 00:12:36]} {[%emt 00:00:06]}
0-1

[Event "DEM U8w 2025"]
[Site "Willingen GER"]
[Date "2025.06.14"]
[Round "7"]
[White "Kühn, Ariane"]
[Black "Altshuler, Olena"]
[Result "0-1"]
[Termination "normal"]
[Board "5"]
[WhiteElo "931"]
[BlackElo "848"]
[WhiteClock "00:48:24"]
[BlackClock "00:45:42"]
[PlyCount "72"]
[BlackFideId "533026114"]
[EventCountry "GER"]
[EventRounds "7"]
[EventType "swiss"]
[EventDate "2025.06.10"]

1. e4 {[%clk 01:00:29]} e5 {[%clk 01:00:19]} {[%emt 00:00:11]} 2. Nf3 {[%clk
00:59:41]} {[%emt 00:00:53]} Nc6 {[%clk 01:00:27]} {[%emt 00:00:18]} 3. Bc4
{[%clk 00:59:37]} {[%emt 00:00:10]} Bc5 {[%clk 01:00:35]} {[%emt 00:00:16]} 4.
O-O {[%clk 00:59:37]} {[%emt 00:00:12]} Nf6 {[%clk 01:00:33]} {[%emt 00:00:20]}
5. d3 {[%clk 00:59:38]} {[%emt 00:00:09]} O-O {[%clk 01:00:32]} {[%emt
00:00:21]} 6. Bg5 {[%clk 00:59:22]} {[%emt 00:00:15]} d6 {[%clk 00:59:19]}
{[%emt 00:01:44]} 7. h3 {[%clk 00:59:18]} {[%emt 00:00:12]} Be6 {[%clk
00:59:26]} {[%emt 00:00:15]} 8. Bb3 {[%clk 00:59:10]} {[%emt 00:00:14]} Nd4
{[%clk 00:57:14]} {[%emt 00:02:36]} 9. Nxd4 {[%clk 00:58:39]} {[%emt 00:00:45]}
Bxd4 {[%clk 00:56:58]} {[%emt 00:00:32]} 10. Nc3 {[%clk 00:57:26]} {[%emt
00:00:45]} a5 {[%clk 00:51:54]} {[%emt 00:06:03]} 11. Nd5 {[%clk 00:55:10]}
{[%emt 00:02:13]} Bxd5 {[%clk 00:47:57]} {[%emt 00:04:28]} 12. c3 {[%clk
00:54:56]} {[%emt 00:00:24]} Bxb3 {[%clk 00:47:05]} {[%emt 00:01:13]} 13. Qxb3
{[%clk 00:54:46]} {[%emt 00:00:24]} Bc5 {[%clk 00:46:25]} {[%emt 00:00:53]} 14.
Qxb7 {[%clk 00:53:58]} {[%emt 00:01:06]} Qb8 {[%clk 00:46:11]} {[%emt
00:00:28]} 15. Qxb8 {[%clk 00:53:55]} {[%emt 00:00:18]} Raxb8 {[%clk 00:46:15]}
{[%emt 00:00:12]} 16. Bxf6 {[%clk 00:53:59]} {[%emt 00:00:09]} gxf6 {[%clk
00:46:26]} {[%emt 00:00:06]} 17. a3 {[%clk 00:54:01]} {[%emt 00:00:13]} Rxb2
{[%clk 00:46:24]} {[%emt 00:00:17]} 18. Rfb1 {[%clk 00:53:40]} {[%emt
00:00:26]} Rxf2 {[%clk 00:46:22]} {[%emt 00:00:26]} 19. Rf1 {[%clk 00:53:19]}
{[%emt 00:00:28]} Rxf1+ {[%clk 00:45:45]} {[%emt 00:01:00]} 20. Kxf1 {[%clk
00:53:10]} {[%emt 00:00:20]} Rd8 {[%clk 00:45:26]} {[%emt 00:00:36]} 21. g4
{[%clk 00:52:37]} {[%emt 00:00:42]} d5 {[%clk 00:45:29]} {[%emt 00:00:21]} 22.
Rb1 {[%clk 00:51:25]} {[%emt 00:01:02]} dxe4 {[%clk 00:45:24]} {[%emt
00:00:44]} 23. dxe4 {[%clk 00:51:25]} {[%emt 00:00:14]} Bxa3 {[%clk 00:45:29]}
{[%emt 00:00:12]} 24. Rb5 {[%clk 00:51:13]} {[%emt 00:00:25]} Ra8 {[%clk
00:45:31]} {[%emt 00:00:16]} 25. h4 {[%clk 00:50:32]} {[%emt 00:00:53]} a4
{[%clk 00:45:33]} {[%emt 00:00:15]} 26. g5 {[%clk 00:50:32]} {[%emt 00:00:10]}
Bc1 {[%clk 00:45:31]} {[%emt 00:00:21]} 27. gxf6 {[%clk 00:50:35]} {[%emt
00:00:12]} a3 {[%clk 00:45:34]} {[%emt 00:00:13]} 28. Rb1 {[%clk 00:50:25]}
{[%emt 00:00:08]} Bb2 {[%clk 00:45:19]} {[%emt 00:00:47]} 29. h5 {[%emt
00:00:36]} a2 {[%emt 00:00:22]} 30. Rxb2 {[%clk 00:49:25]} {[%emt 00:00:09]}
a1=Q+ {[%clk 00:45:28]} {[%emt 00:00:12]} 31. Rb1 {[%clk 00:48:58]} {[%emt
00:00:37]} Qxb1+ {[%clk 00:45:41]} {[%emt 00:00:09]} 32. Kf2 {[%clk 00:48:55]}
{[%emt 00:00:13]} Qxe4 {[%clk 00:45:42]} {[%emt 00:00:18]} 33. h6 {[%clk
00:48:58]} {[%emt 00:00:13]} Ra2+ {[%clk 00:45:49]} {[%emt 00:00:08]} 34. Kg3
{[%clk 00:48:50]} {[%emt 00:00:17]} Qg2+ {[%clk 00:45:52]} {[%emt 00:00:16]}
35. Kh4 {[%clk 00:48:30]} {[%emt 00:00:26]} Ra4+ {[%clk 00:45:56]} {[%emt
00:00:22]} 36. Kh5 {[%clk 00:48:24]} {[%emt 00:00:21]} Qg4# {[%clk 00:45:42]}
{[%emt 00:00:14]} 0-1

[Event "DEM U8w 2025"]
[Site "Willingen GER"]
[Date "2025.06.14"]
[Round "7"]
[White "Dudi, Srija"]
[Black "Romberg, Lene"]
[Result "1-0"]
[Termination "normal"]
[Board "6"]
[WhiteElo "834"]
[BlackElo "876"]
[WhiteClock "00:49:04"]
[BlackClock "00:30:00"]
[PlyCount "41"]
[EventCountry "GER"]
[EventRounds "7"]
[EventType "swiss"]
[EventDate "2025.06.10"]

1. e4 {[%clk 01:00:26]} {[%emt 00:00:03]} e5 {[%clk 01:00:22]} {[%emt
00:00:08]} 2. Bc4 {[%clk 00:59:57]} {[%emt 00:00:45]} Bc5 {[%clk 00:59:49]}
{[%emt 00:00:48]} 3. Qf3 {[%clk 00:59:59]} {[%emt 00:00:10]} Nf6 {[%clk
00:59:38]} {[%emt 00:00:29]} 4. d3 {[%clk 00:59:19]} {[%emt 00:00:52]} h6
{[%clk 00:59:12]} {[%emt 00:00:43]} 5. Qd1 {[%clk 00:59:27]} {[%emt 00:00:08]}
Nc6 {[%clk 00:58:55]} {[%emt 00:00:31]} 6. Nf3 {[%clk 00:59:24]} {[%emt
00:00:09]} d6 {[%clk 00:57:52]} {[%emt 00:01:28]} 7. c3 {[%clk 00:59:32]}
{[%emt 00:00:07]} Bg4 {[%clk 00:57:19]} {[%emt 00:00:48]} 8. h3 {[%clk
00:59:42]} {[%emt 00:00:05]} Bxf3 {[%clk 00:56:25]} {[%emt 00:01:08]} 9. Qxf3
{[%clk 00:59:41]} {[%emt 00:00:14]} O-O {[%clk 00:55:46]} {[%emt 00:00:57]} 10.
O-O {[%clk 00:58:48]} {[%emt 00:01:06]} Qd7 {[%clk 00:52:41]} {[%emt 00:03:22]}
11. Qg3 {[%clk 00:58:30]} {[%emt 00:00:32]} d5 {[%clk 00:48:10]} {[%emt
00:04:46]} 12. Bxh6 {[%clk 00:58:37]} {[%emt 00:00:07]} Nh5 {[%clk 00:45:59]}
{[%emt 00:02:27]} 13. Qg5 {[%clk 00:58:32]} {[%emt 00:00:18]} dxc4 {[%clk
00:42:00]} {[%emt 00:04:16]} 14. g4 {[%clk 00:58:42]} {[%emt 00:00:04]} f6
{[%clk 00:37:48]} {[%emt 00:04:27]} 15. Qg6 {[%clk 00:56:21]} {[%emt 00:02:35]}
Qf7 {[%emt 00:04:32]} 16. Qf5 {[%clk 00:53:15]} {[%emt 00:01:29]} gxh6 {[%clk
00:33:35]} {[%emt 00:02:06]} 17. gxh5 {[%clk 00:52:39]} {[%emt 00:00:50]} cxd3
{[%clk 00:31:38]} {[%emt 00:02:13]} 18. Qg4+ {[%clk 00:52:30]} {[%emt
00:00:15]} Qg7 {[%clk 00:30:28]} {[%emt 00:01:34]} 19. b4 {[%clk 00:52:18]}
{[%emt 00:00:26]} Qxg4+ {[%clk 00:30:23]} {[%emt 00:00:21]} 20. hxg4 {[%clk
00:52:29]} {[%emt 00:00:04]} Be7 {[%clk 00:30:00]} {[%emt 00:00:31]} 21. b5
{[%clk 00:49:04]} {[%emt 00:03:02]} {Zug 21 schwarz nicht nachvollziehbar} 1-0

[Event "DEM U8w 2025"]
[Site "Willingen GER"]
[Date "2025.06.14"]
[Round "7"]
[White "Wranik, Tabea"]
[Black "Vescovi, Liv Linnea"]
[Result "0-1"]
[Termination "normal"]
[Board "8"]
[WhiteElo "767"]
[BlackElo "847"]
[WhiteClock "00:41:37"]
[BlackClock "00:56:06"]
[PlyCount "54"]
[BlackFideId "533021678"]
[EventCountry "GER"]
[EventRounds "7"]
[EventType "swiss"]
[EventDate "2025.06.10"]

1. e4 {[%clk 01:00:25]} {[%emt 00:00:05]} e5 {[%clk 01:00:24]} {[%emt
00:00:06]} 2. Nf3 {[%clk 01:00:22]} {[%emt 00:00:18]} Nc6 {[%clk 01:00:32]}
{[%emt 00:00:08]} 3. Bc4 {[%clk 01:00:08]} {[%emt 00:00:28]} Bc5 {[%clk
01:00:39]} {[%emt 00:00:08]} 4. Nc3 {[%clk 01:00:14]} {[%emt 00:00:09]} d6
{[%clk 01:00:36]} {[%emt 00:00:18]} 5. d3 {[%clk 01:00:06]} {[%emt 00:00:23]}
Be6 {[%clk 00:59:59]} {[%emt 00:00:52]} 6. Bxe6 {[%clk 00:59:18]} {[%emt
00:01:04]} fxe6 {[%clk 01:00:04]} {[%emt 00:00:09]} 7. Bg5 {[%clk 00:58:54]}
{[%emt 00:00:39]} Qd7 {[%clk 00:59:57]} {[%emt 00:00:21]} 8. Qd2 {[%clk
00:57:57]} {[%emt 00:01:13]} h6 {[%clk 00:59:38]} {[%emt 00:00:34]} 9. Be3
{[%clk 00:57:44]} {[%emt 00:00:28]} Nf6 {[%clk 00:59:31]} {[%emt 00:00:21]} 10.
O-O-O {[%clk 00:57:12]} {[%emt 00:00:48]} O-O-O {[%clk 00:59:28]} {[%emt
00:00:19]} 11. d4 {[%clk 00:55:41]} {[%emt 00:01:46]} exd4 {[%clk 00:59:05]}
{[%emt 00:00:36]} 12. Nxd4 {[%clk 00:55:39]} {[%emt 00:00:18]} e5 {[%clk
00:58:34]} {[%emt 00:00:46]} 13. Nxc6 {[%clk 00:53:35]} {[%emt 00:02:20]} Qxc6
{[%clk 00:58:38]} {[%emt 00:00:10]} 14. f3 {[%clk 00:52:45]} {[%emt 00:01:05]}
Nd7 {[%clk 00:58:12]} {[%emt 00:00:42]} 15. Bxc5 {[%clk 00:52:00]} {[%emt
00:01:00]} Qxc5 {[%clk 00:58:16]} {[%emt 00:00:11]} 16. Na4 {[%clk 00:51:10]}
{[%emt 00:01:04]} Qb5 {[%clk 00:58:13]} {[%emt 00:00:17]} 17. b3 {[%clk
00:50:46]} {[%emt 00:00:41]} Nb6 {[%clk 00:57:43]} {[%emt 00:00:44]} 18. Nxb6+
{[%clk 00:50:29]} {[%emt 00:00:31]} Qxb6 {[%clk 00:57:44]} {[%emt 00:00:15]}
19. Rhg1 {[%clk 00:49:08]} {[%emt 00:01:35]} Qa6 {[%clk 00:57:46]} {[%emt
00:00:14]} 20. a4 {[%clk 00:47:36]} {[%emt 00:01:47]} Qc6 {[%clk 00:57:37]}
{[%emt 00:00:22]} 21. Qa5 {[%clk 00:45:48]} {[%emt 00:02:03]} Rhf8 {[%clk
00:56:55]} {[%emt 00:00:58]} 22. Qxa7 {[%clk 00:45:05]} {[%emt 00:00:58]} Rf4
{[%clk 00:56:15]} {[%emt 00:00:55]} 23. Qa8+ {[%clk 00:43:49]} {[%emt
00:01:32]} Kd7 {[%clk 00:56:13]} {[%emt 00:00:13]} 24. Qa7 {[%clk 00:43:15]}
{[%emt 00:00:49]} Rh4 {[%clk 00:56:08]} {[%emt 00:00:19]} 25. g3 {[%clk
00:42:13]} {[%emt 00:01:20]} Rxh2 {[%clk 00:56:00]} {[%emt 00:00:23]} 26. Kb1
{[%clk 00:41:39]} {[%emt 00:00:50]} Qxc2+ {[%clk 00:56:06]} {[%emt 00:00:10]}
27. Ka1 {[%clk 00:41:37]} {[%emt 00:00:16]} Qb2# {[%emt 00:00:25]} 0-1

[Event "DEM U8w 2025"]
[Site "Willingen GER"]
[Date "2025.06.14"]
[Round "7"]
[White "Lesnik, Mara"]
[Black "Renzmann, Lea"]
[Result "0-1"]
[Termination "normal"]
[Board "9"]
[WhiteElo "734"]
[BlackElo "827"]
[WhiteClock "00:52:03"]
[BlackClock "00:55:08"]
[PlyCount "46"]
[WhiteFideId "533032742"]
[EventCountry "GER"]
[EventRounds "7"]
[EventType "swiss"]
[EventDate "2025.06.10"]

1. d4 {[%clk 01:00:24]} {[%emt 00:00:04]} d5 {[%clk 01:00:28]} {[%emt
00:00:03]} 2. Nf3 {[%clk 01:00:26]} {[%emt 00:00:11]} Nf6 {[%clk 01:00:36]}
{[%emt 00:00:09]} 3. Bf4 {[%clk 01:00:28]} {[%emt 00:00:11]} Bf5 {[%clk
01:00:47]} {[%emt 00:00:06]} 4. h3 {[%clk 01:00:34]} {[%emt 00:00:09]} e6
{[%clk 01:00:38]} {[%emt 00:00:25]} 5. e3 {[%clk 01:00:35]} {[%emt 00:00:12]}
Bd6 {[%clk 01:00:34]} {[%emt 00:00:20]} 6. Ne5 {[%clk 01:00:33]} {[%emt
00:00:16]} O-O {[%clk 01:00:08]} {[%emt 00:00:42]} 7. Nc3 {[%clk 01:00:27]}
{[%emt 00:00:16]} Ne4 {[%clk 00:58:41]} {[%emt 00:01:47]} 8. Nxe4 {[%clk
00:59:57]} {[%emt 00:00:41]} Bxe4 {[%clk 00:58:50]} {[%emt 00:00:11]} 9. Qg4
{[%clk 00:59:35]} {[%emt 00:00:34]} Nc6 {[%clk 00:57:49]} {[%emt 00:01:18]} 10.
Bg5 {[%clk 00:58:49]} {[%emt 00:00:32]} Qe8 {[%clk 00:57:42]} {[%emt 00:00:49]}
11. Bh6 {[%emt 00:00:35]} Bxe5 {[%clk 00:57:24]} {[%emt 00:00:31]} 12. dxe5
{[%clk 00:58:26]} {[%emt 00:00:13]} g6 {[%clk 00:57:19]} {[%emt 00:00:30]} 13.
Bxf8 {[%clk 00:57:52]} {[%emt 00:00:14]} Qxf8 {[%clk 00:56:49]} 14. O-O-O
{[%clk 00:57:24]} {[%emt 00:04:32]} Qc5 {[%clk 00:56:57]} {[%emt 00:00:54]} 15.
Bd3 {[%emt 00:00:23]} Bxd3 {[%emt 00:00:10]} 16. Rxd3 {[%clk 00:56:47]} {[%emt
00:00:09]} Nb4 {[%clk 00:57:06]} {[%emt 00:00:16]} 17. Rd2 {[%clk 00:56:40]}
{[%emt 00:00:21]} Nxa2+ {[%clk 00:56:33]} {[%emt 00:00:49]} 18. Kb1 {[%clk
00:56:16]} {[%emt 00:00:30]} Qa5 {[%clk 00:55:56]} {[%emt 00:01:00]} 19. Rhd1
{[%clk 00:56:06]} {[%emt 00:00:14]} Nb4 {[%clk 00:55:58]} {[%emt 00:00:24]} 20.
Rd4 {[%clk 00:54:05]} {[%emt 00:01:31]} c5 {[%clk 00:55:17]} {[%emt 00:01:42]}
21. Rf4 {[%clk 00:53:38]} {[%emt 00:00:16]} Qa4 {[%clk 00:55:04]} {[%emt
00:00:54]} 22. Qh4 {[%clk 00:52:03]} {[%emt 00:01:43]} Qxc2+ {[%clk 00:55:08]}
{[%emt 00:00:18]} 23. Ka1 {[%emt 00:00:40]} Qxd1# {[%emt 00:00:32]} 0-1